Complete the Countries - Statistics

General Stats
  • This quiz has been taken 6,469 times
  • The average score is 28 of 40
Answer Stats
Hint Answer % Correct
sp ain
82%
swe den
82%
abwe zimb
82%
ize bel
79%
gh ana
77%
uk raine
77%
lat via
77%
tun isia
76%
fi ji
76%
olia mong
76%
ku wait
76%
sen egal
74%
mal dives
72%
dom inica
72%
ael isr
72%
tho leso
72%
ova mold
72%
chi na
72%
gui nea
71%
pan ama
70%
aly it
70%
aco mon
70%
amas bah
69%
su dan
69%
key tur
69%
pt egy
67%
men ye
67%
tan bhu
66%
nia roma
65%
ni ger
64%
ch ad
62%
and orra
62%
ros como
61%
dan jor
60%
rea erit
57%
onia est
56%
ti hai
56%
an gola
55%
pal au
53%
rus cyp
50%
No matching quizzes found
Score Distribution
Percent of People with Each Score
Percentile by Number Answered
Your Score History
You have not taken this quiz